Vodohospodárske problémy využívania geotermálnych vôd v SSR

Enregistré dans:
Détails bibliographiques
Auteur principal: Pôbiš, Ján
Format: Livre
Langue:slovaque
Publié: Bratislava Výskumný ústav vodného hospodárstva 1987
Collection:Veda a výskum praxi č. 76
Tags: Ajouter un tag
Pas de tags, Soyez le premier à ajouter un tag!

MARC

LEADER 00000nam a2200000 4500
001 c111582
005 20181203150320.1
041 0 |a slo 
044 |a SK 
245 1 0 |a Vodohospodárske problémy využívania geotermálnych vôd v SSR  |c Ján Pôbiš 
264 1 |a Bratislava  |b Výskumný ústav vodného hospodárstva  |c 1987 
300 |a 89 s. 
490 1 |a Veda a výskum praxi  |v č. 76 
830 0 |a Veda a výskum praxi  |v č. 76 
100 1 |a Pôbiš, Ján